HLTV Top 20 Players in CS2/CS:GO (2013-2025) - Statistics

General Stats
  • This quiz has been taken 102 times
  • The average score is 192 of 260
Answer Stats
Country Placement Player % Correct
Russia #1 | #2 Danil "donk" Kryshkovets
97%
Ukraine #1 | #2 | #4 | +2 others Oleksandr "s1mple" Kostyliev
97%
Bosnia & Herzegovina #11 | #18 | #2 | +3 others Nikola "NiKo" Kovač
95%
France #1 | #2 | #3 Mathieu "ZywOo" Herbaut
93%
Russia #2 | #4 | #7 Ilya "m0NESY" Osipov
90%
Estonia #10 | #18 | #19 | +3 others Robin "ropz" Kool
90%
Russia #3 | #4 | #5 | +2 others Dmitry "sh1ro" Sokolov
87%
Denmark #11 | #2 | #20 | +2 others Nicolai "device" Reedtz
87%
Israel #7 Shahar "flameZ" Shushan
87%
Brazil #2 | #6 Gabriel "FalleN" Toledo
85%
Turkey #14 | #15 Ismailcan "XANTARES" Dörtkardeş
85%
Israel #10 | #13 | #18 | #5 Lotan "Spinx" Giladi
85%
Sweden #1 | #12 | #19 | #8 Olof "olofmeister" Kajbjer
85%
United Kingdom #12 William "mezii" Merriman
85%
Poland #19 Jarosław "pashaBiceps" Jarząbkowski
83%
Poland #3 Jarosław "pashaBiceps" Jarząbkowski
83%
United States #12 | #15 | #19 | +2 others Jonathan "EliGE" Jablonowski
83%
France #12 | #13 | #6 | #7 Kenny "kennyS" Schrub
83%
Mongolia #13 Azbayar "Senzu" Munkhbold
82%
France #15 | #18 Dan "apEX" Madesclaire
82%
Slovakia #10 | #12 | #17 | #8 David "frozen" Čerňanský
82%
Norway #13 | #18 | #4 Håvard "rain" Nygaard
82%
Canada #11 | #12 | #17 | +2 others Russel "Twistzz" Van Dulken
82%
Ukraine #16 | #20 | #9 Valeriy "b1t" Vakhovskiy
80%
Hungary #17 Ádám "torzsi" Torzsás
78%
Kazakhstan #6 Danil "molodoy" Golubenko
78%
Latvia #10 | #20 | #6 | #8 Helvijs "broky" Saukants
78%
Romania #16 | #19 Mihai "iM" Ivan
78%
Sweden #1 | #11 | #18 Christopher "GeT_RiGhT" Alesund
77%
Denmark #11 | #14 | #17 | +2 others Emil "Magisk" Reif
77%
Lithuania #5 Justinas "jL" Lekavicius
77%
Brazil #15 | #18 | #19 | #9 Kaike "KSCERATO" Cerato
77%
Brazil #1 | #10 Marcelo "coldzera" David
77%
Sweden #16 | #2 | #7 Patrik "f0rest" Lindberg
77%
Sweden #10 | #13 | #2 | #5 Robin "flusha" Rönnquist
77%
Belgium #7 | #9 Adil "ScreaM" Benrlitom
75%
Sweden #10 | #5 | #8 Jesper "JW" Wecksell
75%
Slovakia #10 | #11 | #17 | +2 others Ladislav "GuardiaN" Kovács
75%
Latvia #15 | #8 Mareks "YEKINDAR" Gaļinskis
75%
Guatemala #12 Mario "malbsMd" Samayoa
75%
Bosnia & Herzegovina #12 | #13 | #14 Nemanja "huNter-" Kovač
75%
Poland #20 | #4 | #5 Janusz "Snax" Pogorzelski
73%
Russia #4 | #5 | #6 | #7 Denis "electroNic" Sharipov
72%
Denmark #10 | #12 | #16 | +3 others Peter "dupreeh" Rasmussen
72%
France #13 | #3 | #6 | #8 Richard "shox" Papillon
72%
Denmark #13 | #14 | #20 Andreas "Xyp9x" Højsleth
70%
Israel #14 | #16 Dorian "xertioN" Berman
70%
Ukraine #11 Ihor "w0nderful" Zhdanov
70%
Poland #17 Filip "NEO" Kubski
68%
Finland #17 Jimi "Jimpphat" Salo
68%
Canada #14 | #6 | #7 Keith "NAF" Markovic
68%
Denmark #8 Lukas "gla1ve" Rossander
68%
France #17 | #5 | #9 Nathan "NBK-" Schmitt
67%
France #10 | #8 Vincent "Happy" Schopenhauer
67%
Spain #6 Álvaro "SunPayus" García
65%
Russia #10 | #20 Dzhami "Jame" Ali
63%
Brazil #15 | #3 Fernando "fer" Alvarenga
63%
Sweden #17 | #7 | #9 Freddy "KRIMZ" Johansson
63%
Denmark #15 Jakob "jabbi" Nygaard
63%
Australia #15 | #19 Justin "jks" Savage
63%
Denmark #15 | #16 Markus "Kjaerbye" Kjærbye
63%
Denmark #10 | #12 | #16 | #9 Martin "stavn" Lund
63%
Hungary #20 Ádám "torzsi" Torzsás
62%
Russia #4 | #5 Sergey "Ax1Le" Rykhtorov
62%
Kazakhstan #11 | #6 Abay "HObbit" Khassenov
60%
Israel #14 Guy "NertZ" Iluz
60%
Sweden #15 | #19 Ludvig "Brollan" Brolin
60%
Turkey #12 Özgür "woxic" Eker
60%
Brazil #14 | #19 Yuri "yuurih" Santos
60%
Finland #19 Aleksi "allu" Jalli
58%
Denmark #18 Casper "cadiaN" Møller
58%
United States #20 Tyler "Skadoodle" Latham
58%
Russia #12 | #14 Egor "flamie" Vasilyev
57%
Denmark #12 | #13 | #16 | #6 Benjamin "blameF" Bremer
55%
Kazakhstan #17 Dauren "AdreN" Kystaubayev
55%
Ukraine #16 Ioann "Edward" Sukhariev
53%
Poland #13 Paweł "byali" Bieliński
53%
France #19 Fabien "kioShiMa" Fiey
52%
Russia #4 Mihail "Dosia" Stolyarov
52%
Sweden #6 Richard "Xizt" Landström
52%
Sweden #11 | #14 Adam "friberg" Friberg
50%
France #17 Edouard "SmithZz" Dubourdeaux
50%
Czech Republic #14 | #16 Tomáš "oskar" Šťastný
50%
Bulgaria #18 Tsvetelin "CeRq" Dimitrov
50%
Ukraine #15 Yegor "markeloff" Markelov
50%
Brazil #19 Lincoln "fnx" Lau
48%
Finland #13 Jere "sergej" Salo
47%
United States #9 Spencer "Hiko" Martin
47%
United States #20 | #8 Vincent "Brehze" Cayonte
47%
Brazil #16 Henrique "HEN1" Teles
45%
Denmark #14 Kristian "k0nfig" Wienecke
45%
United States #20 Ethan "Ethan" Arnold
42%
Denmark #15 René "cajunb" Borg
42%
United States #17 Timothy "autimatic" Ta
42%
Sweden #20 Dennis "dennis" Edman
40%
Germany #10 Florian "syrsoN" Rische
38%
Brazil #18 Ricardo "boltz" Prass
38%
Finland #16 Miikka "suNny" Kemppi
37%
United States #18 Braxton "swag" Pierce
35%
Denmark #14 Nicolaj "Nico" Jensen
30%
Denmark #20 Valdemar "valde" Bjørn Vangså
28%
No matching quizzes found
Score Distribution
Percent of People with Each Score
Percentile by Number Answered
Your Score History
You have not taken this quiz